00325nam a2200133Ia 450000500170000000800460001703700290006304000200009204100130011208400240012524500230014926000090017230000100018120250508155357.0008 250505s9999 xx 000 0 eng d aBooks to be hide in OPAC aFEDLbengcFEDL aeng2eng a551.46, VER/OqFEDL 0aVayuyaan ki kahani c1950 a149p.